| 000 | 00000nas 2200000zi 4500 |
| 001 | 9.950437 |
| 003 | CaOODSP |
| 005 | 20250703135009 |
| 006 | m o d f |
| 007 | cr cn |||||||| |
| 008 | 250424c20199999onchr p o s f0###a0eng|d |
| 020 | |z9780660410258 |
| 022 | |a2819-2435 |
| 040 | |aCaOODSP|beng|erda|cCaOODSP |
| 043 | |an-cn--- |
| 086 | 1 |aHP37-55E-PDF|zHP2-4/2019E-5-PDF |
| 222 | 0|aPigs |b(Canadian Integrated Program for Antimicrobial Resistance Surveillance) |
| 245 | 00|aPigs / |cCIPARS, Canadian Integrated Program for Antimicrobial Resistance Surveillance. |
| 246 | 13|aCanadian Integrated Program for Antimicrobial Resistance Surveillance (CIPARS) ..., pigs |
| 264 | 1|a[Ottawa] : |bPublic Health Agency of Canada, |c2022- |
| 310 | |aTriennial |
| 336 | |atext|btxt|2rdacontent |
| 337 | |acomputer|bc|2rdamedia |
| 338 | |aonline resource|bcr|2rdacarrier |
| 362 | 1 |aBegan with: 2019. |
| 500 | |aIssued also in French under title: Porcs. |
| 588 | |aDescription based on: 2019; title from PDF cover page. |
| 588 | |aLatest issue consulted: 2022. |
| 650 | 0|aSwine|xDiseases|zCanada|xPrevention|vStatistics|vPeriodicals. |
| 650 | 0|aAnti-infective agents in veterinary medicine|zCanada|vStatistics|vPeriodicals. |
| 650 | 0|aDrug resistance in microorganisms|zCanada|vStatistics|vPeriodicals. |
| 655 | 7|aPeriodicals|2lcgft |
| 655 | 7|aStatistics|2lcgft |
| 710 | 2 |aCanadian Integrated Program for Antimicrobial Resistance Surveillance, |eissuing body. |
| 710 | 2 |aPublic Health Agency of Canada, |eissuing body. |
| 775 | 08|tPorcs / |w(CaOODSP)9.950439 |